Síntesis de la enseñanza media / (Record no. 23074)

MARC details
000 -LEADER
campo de control de longitud fija 01231nam a2200277 i 4500
001 - NÚMERO DE CONTROL
campo de control 23074
003 - IDENTIFICADOR DE NÚMERO DE CONTROL
campo de control ES-MaACL
005 - FECHA Y HORA DE LA ÚLTIMA TRANSACCIÓN
campo de control 20250825050720.0
007 - CAMPO FIJO DE DESCRIPCIÓN FÍSICA--INFORMACIÓN GENERAL
campo de control de longitud fija t|
008 - DATOS DE LONGITUD FIJA--INFORMACIÓN GENERAL
campo de control de longitud fija 021209s1941 sp ||||1| spa d
100 1# - ENTRADA PRINCIPAL--NOMBRE DE PERSONA
Nombre de persona Alvarado, Salustio.
9 (RLIN) 20597
245 10 - MENCIÓN DEL TÍTULO
Título Síntesis de la enseñanza media /
Mención de responsabilidad, etc. por Salustio Alvarado.
250 ## - MENCION DE EDICION
Mención de edición [1ª ed.].
260 ## - PUBLICACIÓN, DISTRIBUCIÓN, ETC.
Lugar de publicación, distribución, etc. Madrid :
Nombre del editor, distribuidor, etc. [s.n.,
Fecha de publicación, distribución, etc. 1941] (
Fabricante Gráfica Administrativa)
300 ## - DESCRIPCIÓN FÍSICA
Extensión 2 v. :
Otras características físicas il. ;
Dimensiones 23 cm.
505 8# - NOTA DE CONTENIDO CON FORMATO
Nota de contenido con formato Contiene: T. I: Física y Química / por Miguel A. Catalán. Ciencias naturales / por Salustio Alvarado. Lengua y Literatura / por Gonzalo Menéndez Pidal. -- T. II: Filosofía / por Vicente Feliu Egidio. Geografía / por María Comas. Historia / por Rafael Ballester Castell y Rafael Ballester Escalas. Matématicas / por Diego Montáñez
700 1# - ENTRADA AGREGADA--NOMBRE PERSONAL
Nombre de persona Ballester Castell, Rafael.
9 (RLIN) 25011
700 1# - ENTRADA AGREGADA--NOMBRE PERSONAL
Nombre de persona Catalán, Miguel A.,
Fechas asociadas al nombre 1894-1957
9 (RLIN) 37026
700 1# - ENTRADA AGREGADA--NOMBRE PERSONAL
Nombre de persona Menéndez Pidal, Gonzalo,
Fechas asociadas al nombre 1911-2008
9 (RLIN) 80312
700 1# - ENTRADA AGREGADA--NOMBRE PERSONAL
Nombre de persona Feliu Egidio, Vicente.
9 (RLIN) 49200
700 1# - ENTRADA AGREGADA--NOMBRE PERSONAL
Nombre de persona Comas, María.
9 (RLIN) 39939
700 1# - ENTRADA AGREGADA--NOMBRE PERSONAL
Nombre de persona Ballester Escalas, R.
9 (RLIN) 25014
700 1# - ENTRADA AGREGADA--NOMBRE PERSONAL
Nombre de persona Montáñez, Diego.
9 (RLIN) 82400
852 ## - LOCALIZACIÓN
Ubicación ES-MaACL
Número de control de estantería E-1755-56
Sublocalización o colección R.22567
Holdings
Estatus retirado Estado de pérdida Estado de daño No para préstamo Biblioteca de origen Biblioteca actual Ubicación en estantería Fecha de adquisición Fuente de adquisición Total de préstamos Signatura topográfica completa Código de barras Visto por última vez Precio de reemplazo Tipo de ítem Koha
        Biblioteca del Ateneo de Madrid Biblioteca del Ateneo de Madrid Depósito 2 17/01/2008     E-1755-56 1023773 23/02/2023 23/02/2023 Libro impreso